000 00437nam a2200193Ia 4500
005 20240823031958.0
008 240823s9999||||xx |||||||||||||| ||und||
020 _a978-81-85986-02-9
041 _aENGLISH
082 _A823 Q1
100 _aNarayan R K
245 4 _aThe Dark room
250 _a1st
260 _c2011
_bIndian Thought Publica
500 _aYES
650 _aDark room
_bEnglish
942 _cBK
999 _c192352
_d192352